[Event "Challenge"]
[Site "http://www.queenalice.com/game.php?id=1000445"]
[Date "2011.10.22"]
[Round "-"]
[White "montalvao"]
[Black "CAMJUIDA"]
[Result "1-0"]
[WhiteElo "1542"]
[BlackElo "1100"]

1. e4 c5 2. Nf3 Nc6 3. Bc4 e5 4. Nc3 Na5 5. Bxf7+ Kxf7 6. Nxe5+ Ke8 7. Qh5+ g6
8. Nxg6 Nf6 9. Qe5+ Kf7 10. Nxh8+ Kg7 11. Nd5 Be7 12. Nxe7 Qxh8 13. b3 Nc6 14.
Nxc6 dxc6 15. Bb2 Qf8 16. Qg5+ Kf7 17. Bxf6 Qd6 18. e5 Qd4 19. Qg7+ Ke6 20. O-O
Qxd2 21. Rad1 Qxc2 22. f4 b6 23. f5+ Qxf5 24. Qe7# 1-0

[Event "Challenge"]
[Site "http://www.queenalice.com/game.php?id=1001639"]
[Date "2011.10.26"]
[Round "-"]
[White "pj"]
[Black "CAMJUIDA"]
[Result "0-1"]
[WhiteElo "1424"]
[BlackElo "1100"]

1. e4 e5 2. c4 Bc5 3. Nf3 Nf6 4. Be2 Nxe4 5. O-O c6 6. Nxe5 Qb6 7. Nd3 Bd6 8.
Bh5 O-O 9. Qg4 Nf6 10. Qf3 Qc7 11. g3 Na6 12. Ne1 Bc5 13. Nc2 Nb4 14. Nxb4 Bxb4
15. a3 Bc5 16. b4 Bd4 17. Ra2 d5 18. d3 g6 19. Bf4 Qd7 20. Bh6 Re8 21. Bg5 Nxh5
22. g4 Qxg4+ 23. Qxg4 Bxg4 24. cxd5 Re5 25. Be3 Bxe3 26. fxe3 Rxe3 27. dxc6 bxc6
28. d4 Rae8 29. Raf2 Bh3 30. Nd2 Bxf1 31. Nxf1 R3e4 32. h3 Rxd4 33. Nh2 Rd1+ 34.
Kg2 Re3 35. a4 Rg3# 0-1

[Event "Challenge 2"]
[Site "http://www.queenalice.com/game.php?id=1002360"]
[Date "2011.10.28"]
[Round "-"]
[White "CAMJUIDA"]
[Black "montalvao"]
[Result "1-0"]
[WhiteElo "1203"]
[BlackElo "1653"]

1. e4 c5 2. Nf3 Nc6 3. Nc3 Nd4 4. Na4 d6 5. e5 b5 6. c3 Nxf3+ 7. Qxf3 Rb8 8.
Nxc5 dxc5 9. Qc6+ Qd7 10. Qxc5 e6 11. Qe3 Ne7 12. a4 Ba6 13. axb5 Bxb5 14. Rxa7
Rb7 15. Ra8+ Nc8 16. Bxb5 Rxb5 17. Qe4 Be7 18. Qd4 Qb7 19. Qa4 O-O 20. Ra5 Rxa5
21. Qxa5 Qe4+ 22. Kf1 f6 23. Qc7 Qd3+ 24. Ke1 fxe5 25. Qxe5 Rf6 26. h4 Nd6 27.
f3 Nc4 28. Qb5 Kf7 29. h5 Qc2 30. Ke2 Ne3 31. Kxe3 Rf5 32. Qc4 Bc5+ 33. d4 Qxg2
34. Qf1 Qxf1 35. Rxf1 Be7 36. Rh1 Bg5+ 37. Ke2 Bxc1 38. Rxc1 Rxh5 39. b4 Ke7 40.
c4 Rh2+ 41. Ke3 Rb2 42. b5 Rb4 43. Kf4 Kf6 44. Ke4 h5 45. d5 exd5+ 46. Kxd5 h4
47. Kc5 Rb3 48. Rh1 g5 49. b6 Rxf3 50. b7 Rb3 51. Kc6 Rb4 52. c5 Ke7 53. Kc7 Ke6
54. c6 Kd5 55. Rc1 h3 56. b8=Q Rxb8 57. Kxb8 g4 58. c7 h2 59. c8=Q g3 60. Qh3
1-0

[Event "Challenge 4"]
[Site "http://www.queenalice.com/game.php?id=1002655"]
[Date "2011.10.29"]
[Round "-"]
[White "CAMJUIDA"]
[Black "moe78"]
[Result "0-1"]
[WhiteElo "1203"]
[BlackElo "1648"]

1. c4 e5 2. e4 Nc6 3. Nc3 Nf6 4. Nf3 Bb4 5. Nd5 Bc5 6. Nxf6+ Qxf6 7. Be2 d6 8.
d3 Qe7 9. a3 a6 10. Bg5 f6 11. Be3 Be6 12. Bxc5 dxc5 13. h3 Rd8 14. a4 Bxc4 15.
Qc2 Bxd3 16. Bxd3 Nb4 17. Qc4 Nxd3+ 18. Kf1 Qf7 19. Qc2 c4 20. a5 O-O 21. Ra4
Nf4 22. Rxc4 Rd1+ 23. Ne1 Rfd8 24. Rxc7 Qg6 25. g3 R1d2 26. Qc4+ Kh8 27. gxf4
exf4 28. Rg1 Qh6 29. Qc3 g5 30. Rf7 R8d6 31. e5 R6d3 32. Nxd3 Qxh3+ 33. Ke1 Rxd3
34. Qc7 Re3+ 35. fxe3 Qxe3+ 36. Kd1 Qxg1+ 37. Kc2 Qg2+ 38. Kb1 Qe4+ 39. Qc2 Qe1+
40. Qc1 Qe4+ 41. Ka2 Qd5+ 42. Kb1 Qxf7 43. Qc8+ Kg7 44. e6 Qe7 45. Qd7 Kf8 46.
Qc8+ Qe8 47. e7+ Kf7 48. Qxb7 Qxe7 49. Qxa6 Qe4+ 50. Kc1 f3 51. Qa7+ Kg6 52. Qf2
h5 53. a6 Qc4+ 54. Kb1 Qxa6 55. Qxf3 Qa4 56. Qd3+ Kh6 57. Qf5 Qd1+ 58. Ka2 Qd4
59. Ka3 g4 60. b4 g3 61. Qf3 Qf2 62. Qxg3 Qxg3+ 63. Ka4 h4 64. b5 Qd6 65. Ka5 h3
66. b6 h2 67. Ka6 h1=Q 0-1

[Event "Grande Desafio 2"]
[Site "http://www.queenalice.com/game.php?id=1003020"]
[Date "2011.10.30"]
[Round "-"]
[White "Carontex"]
[Black "CAMJUIDA"]
[Result "0-1"]
[WhiteElo "1698"]
[BlackElo "1448"]

1. e4 e5 2. Nc3 c6 3. d3 Bc5 4. Be3 Bb4 5. Qd2 d5 6. O-O-O d4 7. Bg5 f6 8. Nf3
dxc3 9. Qe2 cxb2+ 10. Kb1 fxg5 11. Nxe5 Qf6 12. d4 Ba3 13. Qe3 Bd6 14. Nc4 Bf4
15. Qb3 Ne7 16. Nxb2 b6 17. g3 Bc7 18. f3 Be6 19. Bc4 Bh3 20. e5 Qg6 21. Bd3 Bf5
22. Nc4 Bxd3 23. cxd3 a5 24. Rhe1 Qh5 25. Nd6+ Kd7 26. Qf7 Qxh2 27. Nf5 Bd8 28.
e6+ Kc7 29. Nxe7 Bxe7 30. Qxe7+ Kc8 31. Qxg7 Rd8 32. e7 Re8 33. Qxg5 Qh3 34. d5
Qd7 35. dxc6 Nxc6 36. Qb5 Kb7 37. a4 Rxe7 38. Rc1 Rxe1 39. Rxe1 Rf8 40. f4 Rg8
41. Rg1 Qd4 42. Rh1 Rg7 43. Qc4 Qf2 44. Rc1 Qg2 45. Qe4 Qxe4 46. dxe4 Rxg3 47.
Rh1 Rf3 48. Rxh7+ Ka6 49. f5 Ra3 50. Rh6 Rxa4 51. Rxc6 Rxe4 52. f6 Rf4 53. Kb2
a4 54. Ka3 Ka5 55. Re6 b5 56. Rc6 Rf2 0-1

[Event "Challenge"]
[Site "http://www.queenalice.com/game.php?id=1004732"]
[Date "2011.11.4"]
[Round "-"]
[White "CAMJUIDA"]
[Black "sampaio2011"]
[Result "0-1"]
[WhiteElo "1259"]
[BlackElo "1626"]

1. e4 d5 2. d4 dxe4 3. Nc3 Nf6 4. Bg5 e3 5. Bxe3 Bf5 6. Qf3 Bc8 7. Bc4 e6 8.
O-O-O c6 9. Nh3 Bb4 10. Ne4 Nbd7 11. Bg5 Be7 12. Rhe1 O-O 13. Bxf6 Nxf6 14. Kb1
b5 15. Nxf6+ Bxf6 16. Qxc6 Bd7 17. Qc5 bxc4 18. Qxc4 Qb6 19. b3 Rfc8 20. Qd3 a5
21. a4 Bxa4 22. Ka2 Be8 23. Rb1 a4 24. b4 Bb5 25. Qe4 Bc4+ 26. Kb2 Bd5 27. Qg4
Qxb4+ 28. Ka1 Qa3# 0-1

[Event "Challenge 2"]
[Site "http://www.queenalice.com/game.php?id=1004733"]
[Date "2011.11.4"]
[Round "-"]
[White "CAMJUIDA"]
[Black "pj"]
[Result "1-0"]
[WhiteElo "1203"]
[BlackElo "1476"]

1. d4 c6 2. e4 d5 3. Nc3 b5 4. exd5 cxd5 5. Bxb5+ Bd7 6. Bxd7+ Qxd7 7. Nf3 Qe6+
8. Be3 f5 9. O-O f4 10. Bxf4 Nc6 11. Nb5 Rc8 12. Nc7+ Rxc7 13. Bxc7 Qd7 14. Bg3
e6 15. Re1 Nf6 16. Ng5 Be7 17. Nxe6 h5 18. Nxg7+ Kf8 19. Ne6+ Kf7 20. Nc5 Qf5
21. c3 h4 22. Bc7 Qg5 23. Qa4 h3 24. g3 Rc8 25. Qxc6 Ne8 26. Qe6+ Kg7 27. Qxc8
Kf8 28. Ne6+ Kf7 29. Nxg5+ Bxg5 30. Qf5+ Bf6 31. Qh5+ Kf8 32. Rxe8+ Kg7 33. Rh8
Be7 34. Be5+ Bf6 35. Qh7# 1-0

[Event "OS INCLIVEIS"]
[Site "http://www.queenalice.com/game.php?id=1005767"]
[Date "2011.11.6"]
[Round "-"]
[White "adelio"]
[Black "CAMJUIDA"]
[Result "0-1"]
[WhiteElo "1660"]
[BlackElo "1259"]

1. d4 d5 2. e4 Nf6 3. f3 dxe4 4. Nc3 exf3 5. Nxf3 e6 6. a3 b6 7. h3 Be7 8. g4
Bb7 9. Rh2 O-O 10. b4 Nd5 11. Qd3 Ba6 12. b5 Bb7 13. Ra2 c6 14. h4 cxb5 15. Ng5
g6 16. Nce4 f5 17. Nxh7 fxe4 18. Qxe4 Kxh7 19. h5 Bh4+ 20. Ke2 Nc3+ 21. Kd3 Nxe4
22. c3 Rxf1 23. hxg6+ Kxg6 24. Be3 e5 25. Rh3 exd4 26. cxd4 Nc6 27. Rah2 Ne5+
28. Ke2 Ng3+ 29. Rxg3 Ra1 30. Rxh4 Qxh4 31. dxe5 Qxg3 32. e6 Rxa3 33. e7 Qxe3+
34. Kd1 Ra2 35. e8=Q+ Rxe8 36. g5 Bf3# 0-1

[Event "Melhor de três"]
[Site "http://www.queenalice.com/game.php?id=1005871"]
[Date "2011.11.6"]
[Round "-"]
[White "CAMJUIDA"]
[Black "montalvao"]
[Result "1-0"]
[WhiteElo "1283"]
[BlackElo "1804"]

1. e4 e6 2. d4 d5 3. Nc3 Bb4 4. exd5 exd5 5. Qe2+ Be6 6. Qb5+ Nc6 7. Qxb7 Rb8 8.
Qxc6+ Qd7 9. Qa6 c6 10. Nf3 Nf6 11. Ne5 Bxc3+ 12. bxc3 Qb7 13. Qxc6+ Qxc6 14.
Nxc6 Rb7 15. Ba3 Ne4 16. Na5 Rc7 17. Rb1 Nxc3 18. Rb8+ Bc8 19. Bb5+ Nxb5 20.
Rxb5 Be6 21. O-O Kd7 22. Rc1 Re8 23. Bc5 Bf5 24. c4 dxc4 25. Nxc4 f6 26. Nd6 Bd3
27. Nxe8 Bxb5 28. Nxc7 Kxc7 29. Bxa7+ Kb7 30. Bc5 g6 31. Re1 h5 32. Re6 Bc4 33.
Re7+ Kc6 34. a3 g5 35. a4 f5 36. Re5 Bd3 37. Re6+ Kd5 38. Rb6 h4 39. a5 g4 40.
a6 Bxa6 41. Rxa6 f4 42. f3 h3 43. fxg4 hxg2 44. Kxg2 Ke4 45. Kf2 1-0

[Event "Challenge 5"]
[Site "http://www.queenalice.com/game.php?id=1005919"]
[Date "2011.11.6"]
[Round "-"]
[White "moe78"]
[Black "CAMJUIDA"]
[Result "0-1"]
[WhiteElo "1700"]
[BlackElo "1259"]

1. Nf3 Nf6 2. d4 e6 3. c4 d5 4. Nc3 Bb4 5. Bg5 Bxc3+ 6. bxc3 dxc4 7. e4 h6 8.
Bxf6 Qxf6 9. Bxc4 Qg6 10. O-O Qxe4 11. Re1 Qc6 12. Ne5 Qd6 13. d5 O-O 14. dxe6
Bxe6 15. Ng6 Re8 16. Qf3 Nc6 17. Rad1 Bxc4 18. Nf4 Bxa2 19. Nd3 Bd5 20. Qh5 Bb3
21. Rxe8+ Rxe8 22. Re1 Rxe1+ 23. Nxe1 Qd2 0-1

[Event "Challenge"]
[Site "http://www.queenalice.com/game.php?id=1007082"]
[Date "2011.11.11"]
[Round "-"]
[White "general_tyrant"]
[Black "CAMJUIDA"]
[Result "0-1"]
[WhiteElo "1798"]
[BlackElo "1283"]

1. e4 e5 2. Nf3 Nf6 3. Nxe5 Qe7 4. d4 Nxe4 5. Qe2 d5 6. f3 Qh4+ 7. g3 Nxg3 8.
Ng6+ Nxe2+ 9. Nxh4 Nxd4 10. Nc3 Nxc2+ 11. Kf2 Nxa1 12. Nxd5 Bd6 13. Bc4 O-O 14.
b3 Nc2 15. Nf6+ gxf6 16. Rg1+ Kh8 17. Bb2 Nd7 18. Bb5 Bc5+ 19. Kf1 Bxg1 20. Bxd7
Bd4 21. Bc1 Bxd7 22. Bh6 Rg8 23. Nf5 Bb5# 0-1

[Event "AUTO-INT-2194"]
[Site "http://www.queenalice.com/game.php?id=1007315"]
[Date "2011.11.11"]
[Round "1"]
[White "Carontex"]
[Black "CAMJUIDA"]
[Result "0-1"]
[WhiteElo "1735"]
[BlackElo "1411"]

1. d4 d5 2. Nf3 c5 3. Nc3 e6 4. e3 Nf6 5. Ne5 Qc7 6. Be2 a6 7. O-O Bd6 8. f4 Nc6
9. e4 cxd4 10. exd5 Nxe5 11. fxe5 Bxe5 12. Kh1 dxc3 13. b3 Nxd5 14. Ba3 Ne3 15.
Qe1 Nxc2 16. Qc1 Nxa1 17. Bd3 c2 18. Be2 h5 19. h4 b5 20. Bb2 Nxb3 21. Bxe5 Qxe5
22. axb3 Qxe2 23. Re1 Qd3 24. b4 Bb7 25. Re3 Qg6 26. Kh2 Qxg2# 0-1

[Event "AUTO-INT-2194"]
[Site "http://www.queenalice.com/game.php?id=1007316"]
[Date "2011.11.11"]
[Round "1"]
[White "CAMJUIDA"]
[Black "Carontex"]
[Result "0-1"]
[WhiteElo "1474"]
[BlackElo "1664"]

1. d4 d5 2. c4 e6 3. Nf3 Nf6 4. Bg5 h6 5. Bf4 Bd6 6. Bxd6 Qxd6 7. e3 Qb6 8. b3
c5 9. h3 Nc6 10. Be2 O-O 11. O-O Qd8 12. dxc5 b6 13. cxb6 axb6 14. Nd4 Ne5 15.
f4 Ne4 16. fxe5 Ng3 17. Rf3 Nxe2+ 18. Qxe2 Qc7 19. Nd2 Qxe5 20. a4 Bb7 21. Rc1
dxc4 22. Rf4 cxb3 23. N4xb3 Ba6 24. Qf3 f5 25. Nc4 Qc7 26. Nd4 Rae8 27. Nb3 b5
28. axb5 Bxb5 29. Ncd2 Qb6 30. Nc4 Bxc4 31. Rfxc4 Qxb3 32. Rc7 f4 33. Qg4 Qxe3+
34. Kh1 g5 35. Qh5 Qe4 0-1

[Event "AUTO-INT-2194"]
[Site "http://www.queenalice.com/game.php?id=1007329"]
[Date "2011.11.11"]
[Round "1"]
[White "jamba"]
[Black "CAMJUIDA"]
[Result "0-1"]
[WhiteElo "1578"]
[BlackElo "1347"]

1. d4 d5 2. e3 Nf6 3. Nd2 c5 4. c4 cxd4 5. exd4 Nc6 6. c5 Nxd4 7. Nb3 Nxb3 8.
axb3 a5 9. b4 Qc7 10. b5 Qxc5 11. Be3 Qc3+ 12. bxc3 e6 13. Qa4 Bd7 14. Nf3 Bd6
15. Bd3 h6 16. Qd4 O-O 17. Ne5 Be8 18. Bf4 Nh5 19. Be3 f6 20. Ng6 Be5 21. Ne7+
Kh8 22. Qc5 b6 23. Ng6+ Bxg6 24. Qxf8+ Rxf8 25. Bxg6 Bxc3+ 26. Kf1 Bxa1 27. Bxh5
Rc8 28. Bxb6 Rc1+ 29. Ke2 Rxh1 30. h3 a4 31. Kd2 a3 32. Kc2 Re1 33. Kb3 Bb2 34.
Bf7 d4 35. Ba5 Re5 36. Be8 Re2 37. b6 Bc1 38. b7 Rb2+ 39. Kxa3 Rxb7+ 40. Ka4 d3
41. Bh5 d2 42. Bd1 g5 43. Bc3 Ra7+ 44. Kb3 e5 45. Kc4 Rd7 46. Kb3 Kg7 47. Kb4 e4
48. g4 Rd3 49. h4 gxh4 50. Kb3 h3 51. Kc2 h2 52. f3 h1=Q 53. fxe4 Qxe4 54. Bxd2
Qc4+ 55. Bc3 Qxc3+ 56. Kb1 Qb2# 0-1

[Event "AUTO-INT-2194"]
[Site "http://www.queenalice.com/game.php?id=1007330"]
[Date "2011.11.11"]
[Round "1"]
[White "CAMJUIDA"]
[Black "jamba"]
[Result "1-0"]
[WhiteElo "1318"]
[BlackElo "1578"]

1. e4 c5 2. Nf3 d6 3. d4 cxd4 4. Bb5+ Nc6 5. Nxd4 Bd7 6. Nc3 Nf6 7. Nxc6 bxc6 8.
Bc4 Rb8 9. O-O g6 10. b3 Bg7 11. Qf3 O-O 12. Be3 c5 13. e5 Ng4 14. Bd2 Qa5 15.
Ne4 Qc7 16. Ng5 Nxe5 17. Bxf7+ Rxf7 18. Qd5 Bc6 19. Qe6 Rf8 20. Nxf7 Rxf7 21.
Rae1 Bd7 22. Qd5 e6 23. Qe4 d5 24. Qh4 h5 25. Bf4 Bf6 26. Bg5 Ng4 27. Bxf6 Rxf6
28. f3 Bb5 29. Rf2 Qa5 30. Ra1 Nxf2 31. Qxf6 Kh7 32. Kxf2 Qb6 33. g3 c4+ 34. Kg2
Qc7 35. Qxe6 Bd7 36. Qxd5 cxb3 37. Qxb3 Kh6 38. Re1 a5 39. Re7 Bh3+ 40. Kxh3
Qxe7 41. Qc3 Qe6+ 42. Kg2 Qe2+ 43. Kg1 a4 44. f4 Qd1+ 45. Kf2 Qh1 46. Qh8# 1-0

[Event "AUTO-INT-2194"]
[Site "http://www.queenalice.com/game.php?id=1007337"]
[Date "2011.11.11"]
[Round "1"]
[White "oratio"]
[Black "CAMJUIDA"]
[Result "0-1"]
[WhiteElo "1447"]
[BlackElo "1293"]

1. e4 e5 2. Nf3 Nf6 3. Bc4 d5 4. exd5 e4 5. Ng5 Bg4 6. Be2 Qxd5 7. d4 Bxe2 8.
Qxe2 Qxd4 9. Be3 Qxb2 10. O-O Qxa1 11. Nd2 Qxa2 12. Qb5+ Nbd7 13. Qxb7 Rb8 14.
Qxc7 Nd5 15. Ndxe4 Nxc7 16. Rd1 Rb1 17. Nc3 Qxc2 18. Bd2 Rxd1+ 0-1

[Event "AUTO-INT-2194"]
[Site "http://www.queenalice.com/game.php?id=1007338"]
[Date "2011.11.11"]
[Round "1"]
[White "CAMJUIDA"]
[Black "oratio"]
[Result "1-0"]
[WhiteElo "1373"]
[BlackElo "1416"]

1. e4 e6 2. d4 d5 3. Nc3 dxe4 4. Nxe4 Be7 5. c3 Nf6 6. Ng5 O-O 7. Bd3 Nc6 8. Qc2
h6 9. Bh7+ Kh8 10. N1f3 Nd5 11. Nxf7+ Rxf7 12. Ne5 Nxe5 13. dxe5 Bc5 14. O-O b6
15. Rd1 Bxf2+ 16. Kh1 Qh4 17. Be4 Bg3 18. h3 Bxe5 19. Qd3 Nf4 20. Qd8+ Qxd8 21.
Rxd8+ Rf8 22. Rxf8# 1-0

[Event "Challenge"]
[Site "http://www.queenalice.com/game.php?id=1010496"]
[Date "2011.11.20"]
[Round "-"]
[White "CAMJUIDA"]
[Black "MsJARDEAN"]
[Result "1-0"]
[WhiteElo "1391"]
[BlackElo "1500"]

1. e4 e5 2. Nf3 Nf6 3. Bc4 Bc5 4. Nxe5 O-O 5. O-O Nxe4 6. d3 Bxf2+ 7. Kh1 Qe8 8.
dxe4 Qxe5 9. Rxf2 Qxe4 10. Bb3 d6 11. Rf3 Bg4 12. Bd5 Qe5 13. Bxb7 Bxf3 14. gxf3
Nd7 15. Bxa8 Rxa8 16. Nc3 Rb8 17. Qg1 a5 18. Be3 c5 19. Rb1 Qf5 20. Qg3 Ne5 21.
Rg1 Qxc2 22. Qxg7# 1-0

[Event "Melhor de Cinco"]
[Site "http://www.queenalice.com/game.php?id=1010532"]
[Date "2011.11.20"]
[Round "-"]
[White "CAMJUIDA"]
[Black "montalvao"]
[Result "0-1"]
[WhiteElo "1450"]
[BlackElo "1895"]

1. e4 e6 2. d4 d5 3. Nc3 c5 4. exd5 exd5 5. Bb5+ Nc6 6. Qe2+ Be6 7. Nf3 h6 8.
Ne5 Rc8 9. Na4 c4 10. Nc5 Bxc5 11. dxc5 Qa5+ 12. Bd2 Qxb5 13. b4 Nxb4 14. O-O
Qxc5 15. Be3 d4 16. Bf4 Nd5 17. Bg3 Ngf6 18. Bh4 g5 19. Bg3 O-O 20. Qf3 b6 21.
Qxf6 Nxf6 22. a4 Ne4 23. Rfe1 Nxg3 24. Ng6 Rfe8 25. hxg3 fxg6 26. Rab1 Bf5 27.
Rxe8+ Rxe8 28. Rb5 Qa3 29. Rd5 Re1+ 30. Kh2 Qxa4 31. Rxd4 Qxc2 32. g4 Be4 33. f3
Bxf3 34. Rd8+ Kf7 35. Rd7+ Ke6 0-1

[Event "Challenge"]
[Site "http://www.queenalice.com/game.php?id=1014591"]
[Date "2011.12.1"]
[Round "-"]
[White "rochaviolao"]
[Black "CAMJUIDA"]
[Result "0-1"]
[WhiteElo "1297"]
[BlackElo "1440"]

1. e4 c5 2. d4 cxd4 3. c3 dxc3 4. Nxc3 e6 5. Nf3 Nc6 6. Bc4 Bc5 7. Be3 Bxe3 8.
fxe3 a6 9. O-O Nf6 10. e5 Ng4 11. Qd6 Nxe3 12. Rf2 Nxc4 13. Qc5 N4xe5 14. Nxe5
d6 15. Nxf7 dxc5 16. Nxd8 Nxd8 17. Ne4 b6 18. Raf1 Ke7 19. g4 a5 20. Rd1 Bb7 21.
Nd6 Bd5 22. h4 Kxd6 0-1